Vice-Campeões da Copa do Mundo da FIFA - Statistics

Estatísticas Gerais
  • Esse quiz foi jogado 79 vezes
  • A pontuação média é 21 de 22
Estatísticas das Respostas
Ano Sedes Equipe % Correto
1930 Uruguai Argentina
100%
1990 Itália Argentina
100%
2014 Brasil Argentina
100%
1950 Brasil Brasil
100%
1998 França Brasil
100%
2006 Alemanha França
100%
2022 Catar França
100%
2002 Coreia do Sul e Japão Alemanha
98%
1966 Inglaterra Alemanha Ocidental
98%
1982 Espanha Alemanha Ocidental
98%
1986 México Alemanha Ocidental
98%
2018 Rússia Croácia
98%
1970 México Itália
98%
1994 Estados Unidos Itália
98%
1974 Alemanha Ocidental Holanda
95%
1978 Argentina Holanda
95%
2010 África do Sul Holanda
95%
1958 Suécia Suécia
92%
1938 França Hungria
82%
1954 Suíça Hungria
82%
1934 Itália Tchecoslováquia
70%
1962 Chile Tchecoslováquia
70%
Nenhum quiz correspondente encontrado
Distribuição das Pontuações
Porcentagem de Pessoas com Cada Pontuação
Percentil de Números Respondidos
Sua Pontuação Histórica
Você não jogou esse quiz